000
00306nam a2200109Ia 4500
008
171211s9999 xx 000 0 und d
245
_a
Fusion 360 Operations Manual [Basic level]
245
_c
Hiroaki Mitani
260
_c
2017
650
_x
SOFTWARE
856
_u
http://down.ebook777.com/061/B01N5XDC74.pdf
999
_c
349377
_d
349377